An introduction to social psychology

Saved in:  
Bibliographic Details
Main Author: Schellenberg, James A. 1932- (Author)
Format: Print Book
Language:English
Subito Delivery Service: Order now.
Check availability: HBZ Gateway
WorldCat: WorldCat
Interlibrary Loan:Interlibrary Loan for the Fachinformationsdienste (Specialized Information Services in Germany)
Published: New York Random House 1970
In:Year: 1970
Edition:1. print.
Standardized Subjects / Keyword chains:B Social psychology
Further subjects:B Introduction

MARC

LEADER 00000cam a22000002c 4500
001 1072366681
003 DE-627
005 20251224214851.0
007 tu
008 850101s1970 xx ||||| 00| ||eng c
035 |a (DE-627)1072366681 
035 |a (DE-576)002366681 
035 |a (DE-599)BSZ002366681 
035 |a (OCoLC)00067770 
035 |a (DE-604)8029666627 
040 |a DE-627  |b ger  |c DE-627  |e rakwb 
041 |a eng 
082 0 |a 301.1 
084 |a 1  |2 ssgn 
084 |a MQ 1400  |2 rvk  |0 (DE-625)rvk/123413: 
084 |a CV 1000  |2 rvk  |0 (DE-625)rvk/19151: 
100 1 |8 1\p  |0 (DE-588)172356679  |0 (DE-627)697300927  |0 (DE-576)133222012  |4 aut  |a Schellenberg, James A.  |d 1932- 
109 |a Schellenberg, James A. 1932-  |a Schellenberg, James Arthur 1932- 
191 |a 1 
245 1 3 |a An introduction to social psychology  |c James A. Schellenberg 
250 |a 1. print. 
264 1 |a New York  |b Random House  |c 1970 
300 |a VII, 324 S. 
336 |a Text  |b txt  |2 rdacontent 
337 |a ohne Hilfsmittel zu benutzen  |b n  |2 rdamedia 
338 |a Band  |b nc  |2 rdacarrier 
500 |a Literaturverz. S. 301 - 310 
583 1 |a Archivierung/Langzeitarchivierung gewährleistet  |f SSG  |x XA-DE-BW  |2 pdager  |5 DE-21 
601 |a Psychologie 
655 7 |a Einführung  |0 (DE-588)4151278-9  |0 (DE-627)104450460  |0 (DE-576)209786884  |2 gnd-content 
689 0 0 |d s  |0 (DE-588)4055891-5  |0 (DE-627)106156535  |0 (DE-576)209115777  |2 gnd  |a Sozialpsychologie 
689 0 |5 (DE-627) 
883 |8 1\p  |a cgwrk  |d 20241001  |q DE-101  |u https://d-nb.info/provenance/plan#cgwrk 
935 |a mteo 
936 r v |a MQ 1400  |b Lehrbücher der Soziologie und ihrer Nachbardisziplinen  |k Soziologie  |k Einführung und Geschichte  |k Einführungen und Reader  |k Lehrbücher der Soziologie und ihrer Nachbardisziplinen  |0 (DE-627)1271427389  |0 (DE-625)rvk/123413:  |0 (DE-576)201427389 
936 r v |a CV 1000  |b Einführung, Grundfragen, Lehrbücher, Kompendien  |k Psychologie  |k Sozialpsychologie  |k Einführung, Grundfragen, Lehrbücher, Kompendien  |0 (DE-627)1270707787  |0 (DE-625)rvk/19151:  |0 (DE-576)200707787 
951 |a BO 
ELC |b 1 
ITA |a 1  |t 1 
LOK |0 000 xxxxxcx a22 zn 4500 
LOK |0 001 2017689181 
LOK |0 003 DE-627 
LOK |0 004 1072366681 
LOK |0 005 20010911000000 
LOK |0 008 910819||||||||||||||||ger||||||| 
LOK |0 040   |a DE-21  |c DE-627  |d DE-21 
LOK |0 852   |a DE-21 
LOK |0 852 1  |c KB 1 A 795  |9 00 
LOK |0 935   |a krim 
LOK |0 936ln  |a k7.3.3.1 
LOK |0 939   |a 19-08-91  |b l01 
LOK |0 000 xxxxxcx a22 zn 4500 
LOK |0 001 2017689203 
LOK |0 003 DE-627 
LOK |0 004 1072366681 
LOK |0 005 20100408114416 
LOK |0 008 001009||||||||||||||||ger||||||| 
LOK |0 040   |a DE-21-35  |c DE-627  |d DE-21-35 
LOK |0 541   |e 1973/44154 
LOK |0 852   |a DE-21-35 
LOK |0 852 1  |c Ml 6.015  |m p  |9 00 
LOK |0 938   |k p 
LOK |0 939   |a 09-10-00  |b l01 
LOK |0 000 xxxxxcx a22 zn 4500 
LOK |0 001 201768922X 
LOK |0 003 DE-627 
LOK |0 004 1072366681 
LOK |0 005 20100407034231 
LOK |0 008 030313||||||||||||||||ger||||||| 
LOK |0 040   |a DE-21-51  |c DE-627  |d DE-21-51 
LOK |0 541   |e 7795 
LOK |0 852   |a DE-21-51 
LOK |0 852 1  |c Ma 96  |m p  |9 00 
LOK |0 935   |a k051 
LOK |0 938   |k p 
LOK |0 939   |a 13-03-03  |b l01 
ORI |a SA-MARC-ixtheoa001.raw 
REL |a 1 
STA 0 0 |a Social psychology 
STB 0 0 |a Psychologie sociale 
STC 0 0 |a Psicología social 
STD 0 0 |a Psicologia sociale,Socio-psicologia,Socio-psicologia 
STE 0 0 |a 社交心理学 
STF 0 0 |a 社交心理學 
STG 0 0 |a Psicologia social 
STH 0 0 |a Социальная психология 
STI 0 0 |a Κοινωνική ψυχολογία 
SUB |a REL 
SYG 0 0 |a Social psychology